|
|
|
|
| LEADER |
00000nam0a2200000 4500 |
| 001 |
288110 |
| 005 |
20231102000045.0 |
| 020 |
|
|
|a RU
|b 85-14412
|
| 035 |
|
|
|a (RuTPU)RU\TPU\book\312558
|
| 090 |
|
|
|a 288110
|
| 100 |
|
|
|a 20150321d1985 k y0rusy5003 ca
|
| 101 |
0 |
|
|a rus
|
| 102 |
|
|
|a RU
|
| 105 |
|
|
|a y z 001zy
|
| 200 |
1 |
|
|a Социально-психологический фактор в системе общественных отношений : социально-филосовские проблемы
|f В. С. Грехнев
|
| 210 |
|
|
|a Москва
|c Изд-во МГУ
|d 1985
|
| 215 |
|
|
|a 184 с.
|
| 225 |
1 |
|
|a Исторический материализм
|
| 320 |
|
|
|a Библиогр. в тексте
|
| 606 |
1 |
|
|a Общественные отношения
|x Диалектика
|2 stltpush
|3 (RuTPU)RU\TPU\subj\46685
|9 65802
|
| 610 |
1 |
|
|a общественная психология
|
| 610 |
1 |
|
|a общественные отношения
|
| 610 |
1 |
|
|a научные исследования
|
| 610 |
1 |
|
|a социалистическое общество
|
| 610 |
1 |
|
|a социально-философский подход
|
| 610 |
1 |
|
|a исторический материализм
|
| 686 |
|
|
|a Ю633.3
|2 rubbk
|
| 700 |
|
1 |
|a Грехнев
|b В. С.
|g Вадим Сергеевич
|
| 801 |
|
0 |
|a RU
|b RuMRKP
|c 19950704
|g psbo
|
| 801 |
|
1 |
|a RU
|b 63413507
|c 20150321
|
| 801 |
|
2 |
|a RU
|b 63413507
|c 20171117
|g RCR
|
| 942 |
|
|
|c BK
|